Principles of operations research : (Record no. 1928)
[ view plain ]
| 000 -LEADER | |
|---|---|
| fixed length control field | 00773cam a22002412 4500 |
| 001 - CONTROL NUMBER | |
| control field | 0000001707 |
| 005 - DATE AND TIME OF LATEST TRANSACTION | |
| control field | 20151217145725.0 |
| 008 - FIXED-LENGTH DATA ELEMENTS--GENERAL INFORMATION | |
| fixed length control field | 070322s xx 000 0 eng d |
| 020 ## - INTERNATIONAL STANDARD BOOK NUMBER | |
| International Standard Book Number | 8120301625 : |
| Terms of availability | KES 820 |
| 040 ## - CATALOGING SOURCE | |
| Original cataloging agency | KABU |
| Transcribing agency | KABU |
| 050 #0 - LIBRARY OF CONGRESS CALL NUMBER | |
| Classification number | HD30.4 |
| Item number | .W34 2003 |
| 100 1# - MAIN ENTRY--PERSONAL NAME | |
| Personal name | Wagner, Harvey M. |
| -- | 0000150676 |
| 245 10 - TITLE STATEMENT | |
| Title | Principles of operations research : |
| Remainder of title | with applications to managerial decisions / |
| Statement of responsibility, etc. | Harvey M. Wagner. |
| 250 ## - EDITION STATEMENT | |
| Edition statement | 2nd ed. |
| 260 ## - PUBLICATION, DISTRIBUTION, ETC. (IMPRINT) | |
| Place of publication, distribution, etc. | New Delhi : |
| Name of publisher, distributor, etc. | Prentice-Hall of India, |
| Date of publication, distribution, etc. | 2003. |
| 300 ## - PHYSICAL DESCRIPTION | |
| Extent | xii, 1039 p. ; |
| Dimensions | 24 cm. |
| 500 ## - GENERAL NOTE | |
| General note | Includes indexes. |
| 504 ## - BIBLIOGRAPHY, ETC. NOTE | |
| Bibliography, etc | Bibliography: p. 998-1026. |
| 650 #0 - SUBJECT ADDED ENTRY--TOPICAL TERM | |
| Topical term or geographic name as entry element | Operations research. |
| -- | 0000150677 |
| 908 ## - PUT COMMAND PARAMETER (RLIN) | |
| Put command parameter | 070322 |
| 950 ## - LOCAL HOLDINGS (RLIN) | |
| -- | 1 |
| Withdrawn status | Lost status | Source of classification or shelving scheme | Not for loan | Home library | Current library | Date acquired | Total Checkouts | Full call number | Barcode | Date last seen | Date last checked out | Price effective from | Koha item type |
|---|---|---|---|---|---|---|---|---|---|---|---|---|---|
| Library of Congress Classification | Kabarak, Main Campus | Kabarak, Main Campus | 17/12/2015 | 6 | HD30.4 .W34 2003 | 002360 | 02/08/2024 | 14/03/2024 | 17/12/2015 | General Collection |